عطا ۓ ز ينب (Record no. 167569)

MARC details
000 -LEADER
fixed length control field 00684nam a22001937a 4500
005 - DATE AND TIME OF LATEST TRANSACTION
control field 20190911171130.0
010 ## - LCCN (DPL NO)
LC control number UR-10452
020 ## - INTERNATIONAL STANDARD BOOK NUMBER
Terms of availability 250.00
International Standard Book Number 9789380279671
035 ## - SYSTEM CONTROL NUMBER
System control number U-9007
037 ## - SOURCE OF ACQUISITION
Source of stock number/acquisition DBAD/PUB
Stock number -
082 ## - DEWEY DECIMAL CLASSIFICATION NUMBER
Classification number 270.841
100 ## - MAIN ENTRY--PERSONAL NAME
Personal name سيد ا جما ل مہد ی ز يد ی
245 ## - TITLE STATEMENT
Title عطا ۓ ز ينب
Statement of responsibility, etc سيد ا جما ل مہد ی ز يد ی
246 ## - VARYING FORM OF TITLE
Remainder of title Ata-e-Zainab (Urdu)
Title proper/short title by Syed Ijmal Mahdi Zaidi
260 ## - PUBLICATION, DISTRIBUTION, ETC. (IMPRINT)
Place of publication, distribution, etc Delhi
Name of publisher, distributor, etc Shahid Publications
Date of publication, distribution, etc 2014 ء
270 ## - ADDRESS
Address E-1/16,Opp.Happy School,Ansari Road,Darya ganj,
City N.Delhi
Postal code 110002
Telephone number 11-23272724
Fax number -
300 ## - PHYSICAL DESCRIPTION
Extent 253+1+182 ص
Dimensions 22 Cm(Hb)
942 ## - ADDED ENTRY ELEMENTS (KOHA)
Source of classification or shelving scheme Dewey Decimal Classification
Item type Urdu Bks
Classification part 270.841
Call number suffix ا ج م
Holdings
Withdrawn status Lost status Not for loan Collection code Home library Current library Date acquired Source of acquisition Cost, normal purchase price Full call number Barcode Copy number Cost, replacement price Koha item type
      Non-fiction Central Library Central Library 11/09/2019 DBAD/PUB 250.00 270.841 ا ج م U-9007 1 250.00 Urdu Bks

© Delhi Public Library
Hit Counter
free hit counter